| 000 | 00610nam a22001697a 4500 | ||
|---|---|---|---|
| 999 |
_c164935 _d164935 |
||
| 005 | 20190530130206.0 | ||
| 010 | _aENG-125407 | ||
| 020 | _c400.00 | ||
| 035 | _aEN-108939 | ||
| 037 | _bDBAD/PUB | ||
| 082 | _a615.538 | ||
| 245 |
_aJoint disorders and ayurveda / _ced. by P.H.Kulkarne, Chandrakant Pawar [and ] Geeta Jagdeesh Puranik |
||
| 260 |
_aPund _bDeerghayu International _c2016 |
||
| 270 |
_a36, Kothrud Gaothan, opp. Mhatoba Temple, Navgrah Maruti _bBodhi Vruksha , Pune _e411038 _mdeergjauiomternational@gmail.com |
||
| 300 |
_a117p. _c21cm(pbk) |
||
| 942 |
_2ddc _cEN _h615.538 _kJOI |
||